000 00440nam a22001817a 4500
003 CEME
005 20210628205913.0
008 210208b xxu||||| |||| 00| 0 eng d
020 _a0-534-00554-3
040 _c.
082 _a512.1 HOL
100 _aHolder, Leonard.I
_977430
245 _aA primer for calculus
260 _aBELMONT
_bWADSWORTH PUBLISHING
_c1978
300 _a493P
650 _aMATHEMATICS
_99322
942 _cBK
_2ddc
999 _c582700
_d582700